• AIU
  • Tony Wilmot Memorial Library

Grammatik des Chasu in Deutsch-Ostafrika (Record no. 43313)

MARC details
000 -LEADER
fixed length control field 00614nam a22002171a 4500
001 - CONTROL NUMBER
control field 1259073
005 - DATE AND TIME OF LATEST TRANSACTION
control field 20110718134011.0
008 - FIXED-LENGTH DATA ELEMENTS--GENERAL INFORMATION
fixed length control field 840615r19691909nju 000 0 ger d
035 ## - SYSTEM CONTROL NUMBER
System control number (OCoLC)10848388
035 ## - SYSTEM CONTROL NUMBER
-- AFP4692SU
040 ## - CATALOGING SOURCE
Original cataloging agency VA@
Transcribing agency VA@
Modifying agency SYB
041 0# - LANGUAGE CODE
Language code of text/sound track or separate title gernic
049 ## - LOCAL HOLDINGS (OCLC)
Holding library SYBB
090 ## - LOCALLY ASSIGNED LC-TYPE CALL NUMBER (OCLC); LOCAL CALL NUMBER (OCLC)
Classification number (OCLC) (R) ; Classification number, CALL (RLIN) (NR) PL8110.C4
Local cutter number (OCLC) ; Book number/undivided call number, CALL (RLIN) K6 1964
100 1# - MAIN ENTRY--PERSONAL NAME
Personal name Kotz, Ernst.
245 10 - TITLE STATEMENT
Title Grammatik des Chasu in Deutsch-Ostafrika
Medium [Text]
260 ## - PUBLICATION, DISTRIBUTION, ETC. (IMPRINT)
Place of publication, distribution, etc Ridgewood, N.J.
Name of publisher, distributor, etc Gregg Press
Date of publication, distribution, etc 1964
300 ## - PHYSICAL DESCRIPTION
Extent vii, 79 p., 20 c
500 ## - GENERAL NOTE
General note Reprint. Originally published: Berlin : G. Reimer, 1909.
650 #0 - SUBJECT ADDED ENTRY--TOPICAL TERM
Topical term or geographic name as entry element Asu language
General subdivision Grammar.
Holdings
Withdrawn status Lost status Source of classification or shelving scheme Damaged status Not for loan Collection code Home library Current library Shelving location Date acquired Source of acquisition Cost, normal purchase price Full call number Barcode Date last seen Copy number Price effective from Koha item type
    Library of Congress Classification     Special Collection AIU/NEGST - Tony Wilmot Memorial Library AIU/NEGST - Tony Wilmot Memorial Library Special Collection 02/16/2010 Donation- SIL 18.00 S PL 8110 .C4K68 1964 R41902P3232 09/26/2019 1 02/16/2010 Africana Collection (Special)